Nghiên cứu thực trạng và giải pháp nhằm thúc đẩy tính nghiên cứu khoa học trong sinh viên năm thứ 3 của trường Đại học Cần Thơ : Đề tài nghiên cứu khoa học

Đề tài phân tích tình hình nghiên cứu khoa học trong sinh viên năm 3 của trường ĐHCT và đề xuất các giải pháp đẩy mạnh nghiên cứu khoa học trong sinh viên trong thời gian tới.

Spremljeno u:
Bibliografski detalji
Glavni autor: Trần, Thiện Bình
Format: Knjiga
Jezik:Undetermined
Izdano: Cần Thơ Trường Đại học Cần Thơ 2010
Teme:
Oznake: Dodaj oznaku
Bez oznaka, Budi prvi tko označuje ovaj zapis!
Thư viện lưu trữ: Trung tâm Học liệu Trường Đại học Cần Thơ
LEADER 01095nam a2200229Ia 4500
001 CTU_164965
008 210402s9999 xx 000 0 und d
082 |a 370.78 
082 |b B312 
088 |a T2009-46 
100 |a Trần, Thiện Bình 
245 0 |a Nghiên cứu thực trạng và giải pháp nhằm thúc đẩy tính nghiên cứu khoa học trong sinh viên năm thứ 3 của trường Đại học Cần Thơ : 
245 0 |b Đề tài nghiên cứu khoa học 
245 0 |c Trần Thiện Bình (Chủ nhiệm) 
260 |a Cần Thơ 
260 |b Trường Đại học Cần Thơ 
260 |c 2010 
520 |a Đề tài phân tích tình hình nghiên cứu khoa học trong sinh viên năm 3 của trường ĐHCT và đề xuất các giải pháp đẩy mạnh nghiên cứu khoa học trong sinh viên trong thời gian tới. 
650 |a Education,Giáo dục học 
904 |i Thoa, Hải 
915 |a KH 
980 |a Trung tâm Học liệu Trường Đại học Cần Thơ